Animales que comienzan con E - Estadísticas

Estadísticas generales
  • Esta prueba ha sido intentada 73 veces
  • La puntuación promedio es 6 de 8
Estadísticas de respuestas
Imagen Respuesta % Correcto
Elefante
100%
Erizo
97%
Estrella de Mar
97%
Escarabajo
90%
Escorpión
90%
Emú
78%
Esturion
57%
Estornino
27%
No se encontraron pruebas coincidentes
Distribución de puntuación
Porcentaje de gente con cada puntuación
Porcentaje por número respondido
Historial de tus puntuaciones
No has intentado esta prueba.